000 00375nam a22001217a 4500
999 _c1055
_d1055
005 20200822140712.0
008 200822b ||||| |||| 00| 0 eng d
020 _a0030508738
040 _cCML
245 _aElements of Writing.
_cWarriner, K.
260 _aNew York
_bHolt, Rinehart and Winston
_c1998
942 _2ddc
_cBK
_eAnnotated Teachers Edition
_h411
_mWAR